A Multicultural Knowledge Management Approach for Effective Collaboration in the Slovak Automotive Industry
Enregistré dans:
| Auteur principal: | |
|---|---|
| Autres auteurs: | |
| Format: | Thèse Livre |
| Langue: | slovaque anglais |
| Publié: |
2015
|
| Sujets: | |
| Accès en ligne: | http://is.stuba.sk/zp/portal_zp.pl?podrobnosti=102339 |
| Tags: |
Pas de tags, Soyez le premier à ajouter un tag!
|
MARC
| LEADER | 00000ntm a22000003a 4500 | ||
|---|---|---|---|
| 001 | stuzp35734 | ||
| 003 | SK-STU | ||
| 005 | 20160719153001.5 | ||
| 007 | ta | ||
| 008 | 150427s2015----xo-----f-mn---000-0-slo-d | ||
| 040 | |a STU |b slo | ||
| 041 | 0 | |a eng | |
| 100 | 1 | |a Woolliscroft, Paul, |d 1980- |u M4000 |4 aut |r Z3 |9 100 |U MTF Materiálovotechnologická fakulta |T MTF Ústav priemyselného inžinierstva a manažmentu |X 61637 |U M4000 |Y 84 |7 A000061637 | |
| 242 | 0 | 1 | |a MULTIKULTÚRNY PRÍSTUP VO VEDOMOSTNOM MANAŽMENTE AKO VÝCHODISKO PRE EFEKTÍVNU TÍMOVÚ SPOLUPRÁCU V AUTOMOBILOVOM PRIEMYSLE NA SLOVENSKU |y slo |
| 245 | 1 | 0 | |a A Multicultural Knowledge Management Approach for Effective Collaboration in the Slovak Automotive Industry |
| 260 | |c 2015 | ||
| 300 | |a 144 s.+príl., |e 1 CD-ROM, autoreferát | ||
| 500 | |a Study programme: Industrial Management | ||
| 500 | |a Study field number: 2645 | ||
| 500 | |a Study field: 5.2.52 Industrial Engineering | ||
| 502 | |a Dizertačná práca (PhD.) - STU MTF v Trnave UPIM, 2015 | ||
| 650 | 4 | |a organizačná kultúra |2 slo | |
| 650 | 4 | |a vedomostný manažment |2 slo | |
| 650 | 4 | |a multikultúrny manažment |2 slo | |
| 650 | 4 | |a participatívna tímová spolupráca |2 slo | |
| 650 | 4 | |a národná kultúra |2 slo | |
| 650 | 4 | |a Knowledge Management |2 eng | |
| 650 | 4 | |a Multicultural Management |2 eng | |
| 650 | 4 | |a National Culture |2 eng | |
| 650 | 4 | |a Collaborative Team Working |2 eng | |
| 650 | 4 | |a Organisational Culture |2 eng | |
| 700 | 1 | |a Cagáňová, Dagmar |4 ths |X 2785 |7 A000002785 | |
| 856 | 4 | |u http://is.stuba.sk/zp/portal_zp.pl?podrobnosti=102339 | |
| 996 | |b . |c M* DzP-474 |l MMSKP |s P |a 0 |w stuzp35734_0001 | ||
| SQL | |a stuzp35734 |b DDZ |c ENG |d A Multicultural Knowledge Management Approach for Effective Collaboration in the Slovak Automotive Industry |e 61637 |f Woolliscroft, Paul |g 064000 |h 2785 |i Cagáňová, Dagmar |j 20150825 |k 199 |l 06 |m http://is.stuba.sk/zp/portal_zp.pl?podrobnosti=102339 |n D-PMA |o 5.2.52. priemyselné inžinierstvo | ||